00522nam a2200169Ia 450000500170000000800410001702000150005808200130007310000170008624500290010326000450013230000130017765000420019094200060023295200990023899900150033720250314053504.0240331s9999 xx 000 0 und d a8187477865 bGOWa894 aGowthaman, R 0aKa Ayothithasar aaivugal aNagercoilbKalachuvadu Pathippagamc2004 a192 p ., aIndhiya - Thamilaga Bawatha Varalaaru cL 001040708LaWERCLbWERCLcSSCd2024-03-31l0o 894.811 GOWp1985r2024-03-31w2024-03-31yL c4004d4004